Public sector administration and management : Politics, government, bureaucracy and ethnics

Bibliographic Details
Main Author: TASIE
Format: Book
Published: Petaling Jaya, Selangor : Pelanduk Pub. , 1997
Subjects:

MARC

LEADER 00000cam a2200000 7i4500
001 0000000644
005 20000915.0
020 0 0 |a 9679786072 
090 0 0 |a 350   |b TAS 1997 
100 1 0 |a TASIE   |h George Oksonu 
245 1 0 |a Public sector administration and management :   |b Politics, government, bureaucracy and ethnics   |c George Okaonu Tasie 
260 0 0 |a Petaling Jaya, Selangor :   |b Pelanduk Pub. ,   |c 1997 
300 |a 161 p. ;   |c 23 cm. 
500 0 0 |a Bibliography: [p. 141-152] and index 
650 0 0 |a Bureaucracy 
650 0 0 |a Civil service ethics 
650 0 0 |a Personnel management 
650 0 0 |a Political planning 
650 0 0 |a Public administration 
999 |a 0000001868   |b Monograph   |c Open Shelf   |e Default branch